US-Staaten nach Buchstabennummern - Statistiken

Allgemein
  • Dieses Quiz wurde 53 mal gespielt
  • Das Durchschnittsergebnis liegt bei 13 aus 15
Antwortstatistiken
Code US-Staat % Korrekt
11 1 12 9 6 15 18 14 9 5 14 Kalifornien
93%
1 18 11 1 14 19 1 19 Arkansas
91%
3 15 12 15 18 1 4 15 Colorado
89%
14 5 22 1 4 1 Nevada
89%
9 4 1 8 15 Idaho
87%
11 5 14 20 21 3 11 25 Kentucky
85%
13 1 19 19 1 3 8 21 19 5 20 20 19 Massachusetts
83%
13 9 14 14 5 19 15 20 1 Minnesota
83%
22 5 18 13 15 14 20 Vermont
83%
14 5 2 18 1 19 11 1 Nebraska
80%
9 12 12 9 14 15 9 19 Illinois
78%
15 18 5 7 15 14 Oregon
78%
16 5 14 14 19 25 12 22 1 14 9 1 Pennsylvania
78%
20 5 24 1 19 Texas
78%
14 5 23 10 5 18 19 5 25 New Jersey
74%
Keine übereinstimmenden Quizze gefunden
Verteilung der Resultate
Anzahl Personen mit jedem Resultat
Perzentil nach korrekt beantworteten Fragen
Ihre Resultats-Entwicklung
Sie haben dieses Quiz noch nicht gespielt